000 00584nam a22001937a 4500
003 OSt
005 20170822175006.0
008 131218b xxu||||| |||| 00| 0 eng d
020 _a0333485122
040 _aBSU
_bEnglish
_cBSU
082 _219
_a507.24 ADE
100 _aAdey,Philip
_915409
245 _aThinking Science
_bthe curriculum materials of the cognitive acceleration through science education (CASE)project
_cAdey,Philip et.al
250 _ateacher's guide
260 _aLondon
_bMacmillan
_c1989
300 _aiv,132p.
_c30cm
651 _aScience
_915575
942 _2ddc
_cBK
999 _c7483
_d7483